| 000 | 01382cam a2200397Ia 4500 | ||
|---|---|---|---|
| 001 | 8740676 | ||
| 003 | Nust | ||
| 005 | 20220127121301.0 | ||
| 006 | m u | ||
| 007 | cr cn||||||||| | ||
| 008 | 051107s2005 enka sb 001 0 eng d | ||
| 020 | _z9780335218462 | ||
| 020 | _z0335218466 | ||
| 035 | _a(CaPaEBR)ebr10409188 | ||
| 035 | _a(NNC)8740676 | ||
| 038 | _aa | ||
| 040 |
_aCaPaEBR _cCaPaEBR |
||
| 050 | 1 | 4 |
_aRA410 _b.E26 2005eb |
| 082 |
_a330.5024658 _bJAN |
||
| 245 | 0 | 0 |
_aEconomic analysis for management and policy _cStephen Jan ... [et al.]. |
| 260 |
_aMaidenhead, England ; _aNew York : _bOpen University Press, _c2005. |
||
| 300 |
_aviii, 208 p. : _bill. |
||
| 490 | 1 | _aUnderstanding public health | |
| 504 | _aIncludes bibliographical references and index. | ||
| 533 |
_aElectronic reproduction. _bPalo Alto, Calif. : _cebrary, _d2011. _nAvailable via World Wide Web. _nAccess may be limited to ebrary affiliated libraries. |
||
| 563 | _aP.B | ||
| 650 | 0 |
_aMedical economics. _988663 |
|
| 650 | 0 |
_aHealth services administration. _988664 |
|
| 655 | 7 |
_aElectronic books. _2local _988665 |
|
| 700 | 1 |
_aJan, Stephen. _988666 |
|
| 710 | 2 |
_aebrary, Inc. _988667 |
|
| 830 | 0 |
_aUnderstanding public health. _988668 |
|
| 856 | 4 | 0 |
_uhttp://www.columbia.edu/cgi-bin/cul/resolve?clio8740676 _zClick here for full text. |
| 942 |
_2ddc _cBK |
||
| 999 |
_c3857 _d3857 |
||